Vplyv zdrojov financovania na výkon startupu

Na minha lista:
Detalhes bibliográficos
Autor principal: Bednár, Richard, 1985-
Formato: Capítulo de Livro
Idioma:eslovaco
inglês
Assuntos:
Tags: Adicionar Tag
Sem tags, seja o primeiro a adicionar uma tag!

MARC

LEADER 00000naa$a2200000$$$4500
001 0280967
005 20240502074349.7
041 0 |a slo 
041 0 |a eng 
044 |a SK 
245 1 0 |a Vplyv zdrojov financovania na výkon startupu  |c Richard Bednár 
500 |a abstrakt 
610 2 0 |a start-up 
610 2 0 |a podnikanie 
610 2 0 |a výkonnosť podniku 
610 2 0 |a zdroje finančné 
610 2 0 |a Slovensko 
100 1 |a Bednár, Richard, 1985-